| 000 | 00799nam a22002057a 4500 | ||
|---|---|---|---|
| 005 | 20200104041628.0 | ||
| 008 | 140915b2011 ck ||||| ||||o00| 0 spa d | ||
| 020 | _a9789589973172 | ||
| 041 | _aspa | ||
| 044 | _ack | ||
| 082 | 0 | 4 |
_a551.6 _bI35r |
| 245 | 0 | 0 |
_aResultados del proyecto INAP : _b(donación TF 056350), Informe final |
| 260 |
_aBogotá _bThe World Bank _bGEF _bInstituto Nacional de Salud _bIDEAM _bConsevación Internacional _bInvemar _bCoralina _c2011 |
||
| 300 |
_a121 p. _bfot. (col), tablas _c28 cm. _e1 CD-Rom CID-034486 |
||
| 500 | _aInforme final del proyecto INAP TF 056350 (agosto de 2011) | ||
| 504 | _aIncluye referencias bibliográficas (pag. 119-121) | ||
| 650 |
_aCambios climáticos _xproyectos _926947 |
||
| 650 |
_aProtección del Medio Ambiente _9271 |
||
| 942 |
_2ddc _cLIBRO |
||
| 999 |
_c8704 _d8704 |
||